00566nam a2200169 a 450000100100000000500170001000800410002704000250006804100080009324501130010126000580021430000200027250400300029270000190032270000250034171000300036600003990820240228090831.0130729s1998 ja 000 0 spa d aDO-SdBNPbspacBNPHU17aeng00aCARICOM, Central America and the free trade agreement of the Americas /cNorman Girvan, Miguel Ceara Hatton. aKingston, Jamaica :bFriedrich Ebert Stiftung,c1998. a47 p. ;c24 cm. aBibliografía : p. 36-371 aGirvan, Norman1 aCeara-Hatton, Miguel2 aFriedrich Ebert Stiftung,